How to manage performance : 24 lessons for improving performance

Guardado en:
Detalles Bibliográficos
Autor principal: Bacal, Robert
Formato: Libro
Lenguaje:Undetermined
Publicado: New York, NY McGraw-Hill 2007
Materias:
Etiquetas: Agregar Etiqueta
Sin Etiquetas, Sea el primero en etiquetar este registro!
Thư viện lưu trữ: Trung tâm Học liệu Trường Đại học Cần Thơ
LEADER 00663nam a2200205Ia 4500
001 CTU_128658
008 210402s9999 xx 000 0 und d
020 |c 210000 
082 |a 658.3125 
082 |b B116 
100 |a Bacal, Robert 
245 0 |a How to manage performance : 
245 0 |b 24 lessons for improving performance 
245 0 |c Robert Bacal 
260 |a New York, NY 
260 |b McGraw-Hill 
260 |c 2007 
650 |a Performance standards.,Achievement motivation.,Những tiêu chuẩn thực hiện,Động cơ thúc đẩy thành tích 
904 |i Minh 
980 |a Trung tâm Học liệu Trường Đại học Cần Thơ